000 00796nam a2200253Ia 4500
003 OSt
005 20220918205745.0
006 a|||||r|||| 00| 0
007 ta
008 220917b |||||||| |||| 00| 0 eng d
024 _a117,777
037 _cTextual
040 _aARTS
_cARTS
_beng
041 _2eng
_aeng
082 _aV73.N00<-M65, 113L4
100 _awehler Hans-ulrich
245 0 _aDer aufstieg des amerikanischen imperialismus
_b studien zur entqicklung des imperium Americanum 1865-1900
260 _aGottingen
_bVandenhoeck and Ruppecht
_c1974
300 _a426p.
_ccm.
490 _aKritishce studien zur geschichtswissenschaft; 10
650 _aHISTORY
942 _hV73.N00<-M65, 113L4
_cTEXL
_2CC
999 _c241057
_d241057